LEADER 01468nam a2200337 u 4500 001 000000012683 003 CaOOAMICUS 005 20070226105551.0 008 940517s1992 it u000 u ita u 020 $a882119468X 035 $a10305635 040 $aItRURBS$bita$dPUL(R) 245 03$aLa donna nel pensiero cristiano antico /$cC. Anselmetto ... [et al.] ; a cura di Umberto Mattioli ; presentazione di Manlio Simonetti. 260 $aGenova :$bMarietti,$c1992. 300 $a399 p. ;$c21 cm 490 1 $aSaggi e ricerche (Marietti) 500 $aContiene indici. 500 $aContiene riferimenti bibliografici. 650 4$aDonne nel cristianesimo$yEvo antico.$0(OLS)http://pul/subject/9405 650 4$aDonna$xConcezione patristica.$0(OLS)http://pul/subject/9406 700 1 $aAnselmetto, Claudio.$0(OLS)http://pul/name/12052 700 1 $aSimonetti, Manlio,$d1926-$0(OLS)http://pul/name/851 700 1 $aMattioli, Umberto.$0(OLS)http://pul/name/11859 830 0$aSaggi e ricerche (Marietti).$0(OLS)http://pul/title/18355 850 $aPUL 852 $aPUL$W1$xSL Religione 1$y3$m68 E 100$j17898$nBK-PRI$b $qStampati$B17898$CPULBib$Z2$F17898 $H $81 941 1 $a8 961 $aINV: 69477 996 $6020$a882119468X$9(OLS)http://pul/number/16221 996 $6245$aLa donna nel pensiero cristiano antico$9(OLS)http://pul/title/18354 996 $6260$aGenova :$bMarietti$9(OLS)http://pul/publisher/48994 LEADER 01477nam a2200313 a 4500 001 000000120899 003 CaOOAMICUS 005 20100326103344.0 008 100326t2009 it u000 u ita r 020 $a978-88-7105-277-9 040 $aPUL$bita$dReb 100 1 $aCarolus de Foucauld,$csanto,$d1858-1916.$0(OLS)http://pul/name/40585 245 11$a"Stabilirci nell'amore di Dio ..." :$bmeditazioni sul Vangelo di Giovanni /$cCharles de Foucauld ; a cura di Antonella Fraccaro. 260 $aMilano :$bGlossa,$c©2009. 300 $acix, 363 p. ;$c20 cm. 490 1 $aSapientia ;$v45 504 $aBibliografia in nota. 630 04$aBiblia.$pN.T.$pIohannes$xCritica e interpretazione.$0(OLS)http://pul/subject/37920 700 1 $aFraccaro, Antonella.$0(OLS)http://pul/name/75682 830 0$aSapientia (Glossa) ;$v45.$0(OLS)http://pul/title/65981 850 $aPUL 852 $aPUL$W1$xSL Religione 3$y85$m226. 5 DEFCH 1$j138645$qDDC 21$B137865$CPULBib$Z2$F137865 $H112033 $82 900 $aDe Foucauld, Charles Eugène,$cb.,$d1858-1916$940585 900 $aCarolus de Foucauld,$cb.,$d1858-1916?$940585 900 $aCharles de Foucauld,$cb.,$d1858-1916$940585 941 1 $a9 996 $6020$a978-88-7105-277-9$9(OLS)http://pul/number/143687 996 $6245$a"Stabilirci nell'amore di Dio ..." :$bmeditazioni sul Vangelo di Giovanni$9(OLS)http://pul/title/152061 996 $6260$aMilano :$bGlossa$9(OLS)http://pul/publisher/53656